Suelos agrícolas : (Record no. 16759)

000 -CABECERA
fixed length control field 01104nam a22002537a 4500
003 - IDENTIFICADOR DEL NÚMERO DE CONTROL
control field AR-CdUCM
008 - DATOS DE LONGITUD FIJA--INFORMACIÓN GENERAL
fixed length control field 190506b ||||| |||| 00| 0 spa d
040 ## - FUENTE DE LA CATALOGACIÓN
Agencia/entidad que catalogó originalmente la obra MUNICIPALIDAD PROVINCIAL DEL CUSCO
Entidad que transcribió la catalogación BIBLIOTECA MUNICIPAL DEL CUSCO
082 ## - NÚMERO DE LA CLASIFICACIÓN DECIMAL DEWEY
No. de la edición 2ed.
No. de Clasificación 631.4 /
Notacion interna W86
100 ## - ENTRADA PRINCIPAL--NOMBRE DE PERSONA
Nombre Personal Worthen M. S., Edmund L.
245 ## - MENCIÓN DE TÍTULO
Título Suelos agrícolas :
Resto del título su conservación y fertilización /
260 ## - PUBLICACIÓN, DISTRIBUCIÓN, ETC.
Lugar de publicación, distribución, etc. México, D.F :
Nombre de la editorial, distribuidor, etc. UTEHA,
Fecha de publicación, distribución, etc. 1959.
300 ## - DESCRIPCIÓN FÍSICA
Nº de Páginas Extensión 416 páginas ;
Otros detalles físicos figuras, ilustraciones, tablas,
Dimensiones 23 cm.
440 ## - MENCIÓN DE SERIE/PUNTO DE ACCESO ADICIONAL--TÍTULO
Título Biblioteca Técnica de Agricultura y Ganadería.
9 (RLIN) 21394
505 ## - NOTA DE CONTENIDO CON FORMATO
Nota de contenido formateada Contenido: El suelo que nos alimenta -- Los suelos, el clima y las cosechas -- El conocimiento del suelo -- Las labores de preparación, siembra y cultivo -- Empleo de fertilizantes para lograr altos rendimientos ...
650 ## - PUNTO DE ACCESO ADICIONAL DE MATERIA--TÉRMINO DE MATERIA
Descriptor Conservación de suelos
9 (RLIN) 36400
650 ## - PUNTO DE ACCESO ADICIONAL DE MATERIA--TÉRMINO DE MATERIA
Descriptor Cultivos
9 (RLIN) 20217
650 ## - PUNTO DE ACCESO ADICIONAL DE MATERIA--TÉRMINO DE MATERIA
Descriptor Fertilizaciones
9 (RLIN) 36401
700 ## - PUNTO DE ACCESO ADICIONAL--NOMBRE DE PERSONA
Nombre Personal Aldrich D., Samuel R. (coautor)
9 (RLIN) 36402
700 ## - PUNTO DE ACCESO ADICIONAL--NOMBRE DE PERSONA
Nombre Personal Loma, Jose Luis de la (traducción)
9 (RLIN) 36403
942 ## - ELEMENTOS DE PUNTO DE ACCESO ADICIONAL (KOHA)
Fuente de clasificación
Tipo de item Libros-BMC
945 ## - PROCESAMIENTO DE INFORMACIÓN LOCAL (OCLC)
Catalogador achl
AAAA-MM-DD - Fecha de ingreso o modificacion 2019-05-06
Holdings
Estado de retiro (separado) Fuente de clasificación o esquema de estanterías Estado dañado Ubicación Sala donde se ubica Nombre de la colección Fecha de adquisición o compra Costo, precio normal en soles Signatura topográfica Código de Barras Última vez visto (Koha) Tipo de ítem (Koha)
No     Sala Ciencias Sala Ciencias Book Cart 2019-05-06 50.00 631.4 / W86 SC0000001369 2019-05-06 Libros-BMC

Powered by Koha